| 000 | 00471nam a2200193Ia 4500 | ||
|---|---|---|---|
| 005 | 20250423101033.0 | ||
| 008 | 250422s9999 xx 000 0 und d | ||
| 020 | _a9780201168686 | ||
| 050 | _aQA 303 .W38 .P49/ | ||
| 100 | _aWatkins, Craig | ||
| 245 | 0 | _aStudent solutions manual : beiser physics | |
| 250 | _a5th ed. | ||
| 260 | _aNew York | ||
| 260 | _baddison-Wesley Publishing Co. | ||
| 260 | _c1991 | ||
| 300 | _a198 p | ||
| 650 | _aEnglish | ||
| 942 | _cBK | ||
| 999 |
_c35093 _d35093 |
||